Villes de France en 14 & 15 lettres - Carte Quiz - Statistiques

Statistiques générales
  • Ce quiz a été pris 458 fois
  • Le résultat moyen est 12 sur 15
Réponses sur la Carte
Les réponses sont colorées sur une échelle allant du rouge au vert en fonction du pourcentage des utilisateurs qui les ont devinées à leur premier essai. Vous pouvez retrouver ces pourcentages ci-dessous.
 
Statistiques - réponses
Réponse % Correct
Boulogne-sur-Mer
93%
Clermont-Ferrand
92%
Montigny-lès-Metz
90%
Saint-Jean-de-Luz
89%
Levallois-Perret
85%
Thonon-les-Bains
85%
Chalon-sur-Saône
84%
Villeneuve-d'Ascq
84%
La Valette-du-Var
83%
Romans-sur-Isère
80%
Castelsarrasin
75%
Le Grand-Quevilly
75%
Vaison-la-Romaine
68%
Nogent-le-Rotrou
64%
Vitry-le-François
52%
Aucun quiz correspondant
Distribution des résultats
% des personnes avec chaque résultat
Percentile par nombre de réponses
Votre historique - résultats
Vous n’avez pas pris ce quiz